000 00554nam a2200169Ia 4500
008 240729s9999 xx 000 0 und d
022 _a2363-6696
245 0 _aEntangled Religions - Interdisciplinary Journal for the Study of Religious Contact and Transfer
260 _aGermany
260 _bCERES / KHK Bochum
650 _a Religion (General)
650 _a Religions. Mythology. Rationalism
650 _aPhilosophy. Psychology. Religion
856 _uhttps://doaj.org/toc/166ed89b5da84ca38e08fe864f0ef669
942 _2ddc
942 _cDOAJEJ
999 _c70321
_d70321
945 _a1
_bMadushi Gamage
_c1
_dMadushi Gamage